Methods of modern mathematical physics
Guardat en:
| Autors principals: | , |
|---|---|
| Format: | Llibre |
| Idioma: | anglès |
| Publicat: |
Nueva York
Academic Press
1979
|
| Matèries: | |
| Etiquetes: |
Afegir etiqueta
Sense etiquetes, Sigues el primer a etiquetar aquest registre!
|
MARC
| LEADER | 00000nam a2200000 a 4500 | ||
|---|---|---|---|
| 001 | UCQ9280 | ||
| 003 | CL-VaPUC | ||
| 008 | 981230e19790000US |||||||||||||||||eng|d | ||
| 082 | 0 | 4 | |a 530.15 |b REE |2 21 |
| 100 | 0 | |a Reed, Michael |e author |9 423780 | |
| 700 | 0 | |a Simon, Barry |e author |9 423781 | |
| 245 | 1 | 0 | |a Methods of modern mathematical physics |
| 300 | |a v | ||
| 942 | |c BK | ||
| 945 | |d 19981230 00:00:00 |a cmena | ||
| 260 | |a Nueva York |b Academic Press |c 1979 | ||
| 500 | |a v.3: Scattering theory | ||
| 650 | 0 | |a Física matemática |9 260981 | |
| 650 | 0 | |a Teoría cuántica |9 266148 | |
| 650 | 0 | |a Propagación de ondas |9 263256 | |
| 650 | 0 | |a Espectroscopía |9 306791 | |
| 583 | |a last modification |c 19981230 00:00:00 |k Rodrigo Vera | ||
| 999 | |c 278351 |d 278349 | ||
| 952 | |0 0 |1 0 |4 0 |6 530_150000000000000_REE_1979 |7 0 |8 A |9 316843 |a BIBMAT |b BIBMAT |d 2019-11-20 |h v.3 |i 1311298 |l 1 |o 530.15 REE 1979 |p 1311298 |r 2025-01-07 |s 2021-12-03 |w 2019-11-20 |y BK |k MAT | ||
| 952 | |0 0 |1 0 |4 0 |6 530_150000000000000_REE_1979 |7 0 |8 A |9 316844 |a BIBCUR |b BIBCUR |d 2019-11-20 |h v.3 |i 211125K |o 530.15 REE 1979 |p 211125K |r 2025-04-22 |w 2019-11-20 |y BK |k FIS | ||